[Event "Monarch Assurance"]
[Site "Port Erin IOM"]
[Date "2005.09.29"]
[Round "6.26"]
[White "Mannion, Stephen"]
[Black "Sareen, Vishal"]
[Result "0-1"]
[WhiteElo "2331"]
[BlackElo "2385"]
[Annotator "Mikhail Golubev (www.chesstoday.net)"]
[PlyCount "132"]
[EventDate "2005.09.24"]
[Source "Chess Today"]
[SourceDate "2005.09.30"]

1. e4 c5 2. Nf3 d6 3. d4 cxd4 4. Nxd4 Nf6 5. Nc3 Nc6 6. Bg5 e6 7. Qd2 a6 8.
O-O-O Bd7 9. f3 Be7 10. h4 h6 11. Be3 h5 12. Bg5 Rc8 13. Nxc6 Bxc6 14. Bd3 b5
15. Rhe1 Qb6 16. Kb1 b4 17. Ne2 a5 18. Be3 Qb7 19. Nd4 Bd7 20. Qe2 Ra8 21. Bb5
O-O 22. Bg5 Rfb8 23. Bxd7 Qxd7 24. Rd3 Rb6 25. Red1 g6 26. Qf2 Rab8 27. Qg3 a4
28. Ne2 Qc7 29. Qf4 Kg7 30. Qe3 Ne8 31. Bxe7 Qxe7 32. g3 e5 33. Qd2 Rd8 34. c4
Rc8 35. Rc1 Rcc6 36. Rd5 Nc7 37. Ra5 a3 38. b3 Ne6 39. Rd5 Nc5 40. Rd1 Qf6 41.
Qe3 Ne6 42. Rb5 Nc5 43. Rxb6 Rxb6 44. Nc1 Rc6 45. Nd3 Nxd3 46. Rxd3 Qe6 47. Rd2
Qh3 48. Qg1 Qe6 49. Rd5 Qf6 50. Qe3 Rc5 51. Rd3 Qe6 52. Kc2 Rc6 53. Rd5 Qh3 54.
Qg1 Qc8 55. Qf1 Qc7 56. Qf2 Rc5 57. Qd2 Rxd5 58. Qxd5 Qb6 59. c5 Qxc5+ 60. Qxc5
dxc5 61. Kd3 f5 62. Kc4 g5 63. exf5 {# Quiz} g4 $1 (63... gxh4 $2 64. gxh4 Kf6
65. Kxc5 Kxf5 66. Kxb4 Kf4 $11 67. Kc3 (67. Kxa3 Kxf3 68. b4 e4 69. b5 e3 70.
b6 e2 71. b7 e1=Q 72. b8=Q) 67... Kxf3 68. Kd2 e4 69. Ke1 Ke3 70. b4 Kd4 71.
Ke2 Kc4 72. Ke3 Kxb4 73. Kxe4 Kc3 74. Ke3 Kb2 75. Kd2 Kxa2 76. Kc2 Ka1 77. Kc1
a2 78. Kc2 {stalemate}) 64. fxg4 e4 $1 65. gxh5 e3 66. Kd3 c4+ $1 0-1